Getting things done : (Record no. 92272)

MARC details
000 -LEADER
campo de control de longitud fija 01986cam a2200361 i 4500
001 - NÚMERO DE CONTROL
campo de control 122483
005 - FECHA Y HORA DE LA ÚLTIMA TRANSACCIÓN
campo de control 20230410133036.0
008 - DATOS DE LONGITUD FIJA--INFORMACIÓN GENERAL
campo de control de longitud fija 150122s2015 nyu 001 0 eng
035 ## - NÚMERO DE CONTROL DEL SISTEMA
Número de control de sistema 18458957
010 ## - NÚMERO DE CONTROL DE LA BIBLIOTECA DEL CONGRESO
Número de control de LC 2015002886
020 ## - NÚMERO INTERNACIONAL ESTÁNDAR DEL LIBRO
Número Internacional Estándar del Libro 9780143126560 (pbk.)
040 ## - FUENTE DE CATALOGACIÓN
Centro catalogador/agencia de origen DLC
Lengua de catalogación eng
Centro/agencia transcriptor DLC
Normas de descripción rda
Centro/agencia modificador DLC
041 ## - CÓDIGO DE IDIOMA
Código de lengua del texto/banda sonora o título independiente Eng
042 ## - CÓDIGO DE AUTENTICACIÓN
Código de autenticación pcc
050 14 - SIGNATURA TOPOGRÁFICA DE LA BIBLIOTECA DEL CONGRESO
Número de clasificación BF 637
Número de ítem A425g 2015
082 00 - NÚMERO DE LA CLASIFICACIÓN DECIMAL DEWEY
Número de clasificación 158.1
100 1# - ENTRADA PRINCIPAL--NOMBRE DE PERSONA
Nombre de persona Allen, David,
Fechas asociadas al nombre 1945-
245 10 - MENCIÓN DEL TÍTULO
Título Getting things done :
Resto del título the art of stress-free productivity /
Mención de responsabilidad, etc. David Allen.
250 ## - MENCION DE EDICION
Mención de edición Revised edition.
260 ## - PUBLICACIÓN, DISTRIBUCIÓN, ETC.
Lugar de publicación, distribución, etc. New York City :
Nombre del editor, distribuidor, etc. Penguin Books,
Fecha de publicación, distribución, etc. [2015]
300 ## - DESCRIPCIÓN FÍSICA
Extensión xxx, 317 p. ;
Dimensiones 22 cm
500 ## - NOTA GENERAL
Nota general Includes index.
505 0# - NOTA DE CONTENIDO CON FORMATO
Nota de contenido con formato A new practice for a new reality -- Getting control of your life : the five stages of mastering workflow -- Getting projects creatively under way : the five phases of project planning -- Getting started : setting up the time, space, and tools -- Capturing : corralling your "stuff" -- Clarifying : getting "in" to empty -- Organizing : setting up the right buckets -- Reflecting : keeping it all fresh and functional -- Engaging : making the best action choices -- Getting projects under control -- The power of the capturing habit -- The power of the next-action decision -- The power of outcome focusing -- Gtd and cognitive science -- The path of GTD mastery.
520 ## - RESUMEN, ETC.
Sumario, etc. Allen's methods of stress-free performance at work and in life have a simple premise: our productivity is directly proportional to our ability to relax. Now he has tweaked his original text with important perspectives on the new workplace and additional material to help build the mental skills needed in an age of multitasking and overload.
650 #0 - PUNTO DE ACCESO ADICIONAL DE MATERIA--TÉRMINO DE MATERIA
Término de materia o nombre geográfico como elemento de entrada Time management.
650 #0 - PUNTO DE ACCESO ADICIONAL DE MATERIA--TÉRMINO DE MATERIA
Término de materia o nombre geográfico como elemento de entrada Self-management (Psychology)
650 #4 - PUNTO DE ACCESO ADICIONAL DE MATERIA--TÉRMINO DE MATERIA
Término de materia o nombre geográfico como elemento de entrada Autogestión.
650 #4 - PUNTO DE ACCESO ADICIONAL DE MATERIA--TÉRMINO DE MATERIA
Término de materia o nombre geográfico como elemento de entrada Uso del tiempo.
650 #4 - PUNTO DE ACCESO ADICIONAL DE MATERIA--TÉRMINO DE MATERIA
Término de materia o nombre geográfico como elemento de entrada Tiempo
Subdivisión general Administración.
925 0# -
-- acquire
-- 1 shelf copy
-- policy default
942 ## - ELEMENTOS DE ENTRADA SECUNDARIOS (KOHA)
Fuente del sistema de clasificación o colocación Clasificación de Library of Congress
Tipo de ítem Koha
946 ## - PROCESAMIENTO DE INFORMACIÓN LOCAL (OCLC)
a dpf
Holdings
Estatus retirado Estado de pérdida Fuente del sistema de clasificación o colocación Estado de daño No para préstamo Colección Biblioteca de origen Biblioteca actual Ubicación en estantería Fecha de adquisición Serial enumeration / chronology Signatura topográfica completa Código de barras Visto por última vez Copia número Tipo de ítem Koha
    Clasificación de Library of Congress     Humanidades Biblioteca Juan Bosch Biblioteca Juan Bosch Humanidades (4to. Piso) 10/04/2023 1 BF 637 A425g 2015 00000098391 17/11/2018 1